000 00484nam a2200193 4500
005 20150505102240.0
007 000
008 000
020 _a0074624008
040 _aUOEL
050 _aTK7867
_b.S46 1987
100 _aSen, P.C
245 _aPower Electronics /
_cP. C, Sen
260 _aNew Delhi ;
_bTata McGraw-Hill Publishing Company LTD ,
_cc1987.
300 _axv, 1031p. :
_bill;
500 _aIncludes index
650 _2power electronics
_xElectronics
942 _2lcc
_cLL
999 _c6508
_d6508